| 000 | 00000nam##2200000za#4500 |
| 001 | 9.645777 |
| 003 | CaOODSP |
| 005 | 20200401083305 |
| 007 | ta |
| 008 | 150407|1995||||xxc||||| f|0| 0 eng|d |
| 020 | |a0-662-22954-1 |
| 040 | |aCaOODSP|beng |
| 043 | |an-cn--- |
| 086 | 1 |aH39-318/1995E |
| 110 | 1 |aCanada.|bHealth Canada. |bHealth Services and Promotion Branch. |
| 245 | 10|aSurvey of routine maternity care and practices in Canadian hospitals / |cby Cheryl Levitt et al. Prepared by the Canadian Institute of Child Health. |
| 260 | |aOttawa - Ontario : |bHealth Canada. |c1995. |
| 300 | |axix, 264p. : |bgraphs, references ; |c28 cm. |
| 500 | |a"Provides national and provincial results of routine maternity care and practices in Canada. It describes the birth statistics, committee structure, educational undertakings, physical facilities, and practices and policies for labour and birth, postpartum, infant feeding, neonatal intensive care/special care nursery, and for families coping with grief and loss. It is based on a mail survey to all hospitals in Canada that provided maternity services in 1993."--Preface. |
| 520 | 3 |aProvides national and provincial results of routine maternity care and practices in Canada. It describes the birth statistics, committee structure, educational undertakings, physical facilities, and practices and policies for labour and birth, postpartum, infant feeding, neonatal intensive care/special care nursery, and for families coping with grief and loss. It is based on a mail survey to all hospitals in Canada that provided maternity services in 1993.--Preface |
| 563 | |aSoftcover |
| 590 | |a95-45|b1995-11-10 |
| 690 | 07|aHealth care facilities|2gcpds |
| 720 | 1 |aLevitt, Cheryl |
| 775 | 08|tEnquête sur les pratiques et les soins de routine dans les hôpitaux canadiens dotés d'un service d'obstétrique / |w(CaOODSP)9.679408 |
| 776 | 0#|tSurvey of routine maternity care and practices in Canadian hospitals / |w(CaOODSP)9.696360 |